[Event "FICGS no engines 00 email"]
[Site "FICGS email"]
[Date "2010.11.14"]
[Round "1"]
[White "Yloenen, Olli"]
[Black "Leclerc, Luc Olivier"]
[Result "1-0"]
[WhiteElo "1517"]
[BlackElo "1800"]
[PlyCount "23"]
[EventDate "2010.??.??"]
[EventType "swiss (corr)"]
[EventRounds "1"]
[SourceTitle "Corr 2013"]
[Source "ChessBase"]
[SourceDate "2012.11.12"]
[SourceVersion "1"]
[SourceVersionDate "2012.11.12"]
[SourceQuality "1"]

1. e4 c6 2. d4 d5 3. Nc3 dxe4 4. Nxe4 Bf5 5. Bd3 Qxd4 6. Nf3 Qd8 7. Nc5 Qa5+ 8. c3 Qxc5 9. Be3 Qd5 10. Bxf5 Qxf5 11. 0-0 Nf6 12. Nd4 1-0

[Event "FICGS theme 0001 email"]
[Site "FICGS email"]
[Date "2010.09.18"]
[Round "1"]
[White "Leclerc, Luc Olivier"]
[Black "Hase, Pavel"]
[Result "0-1"]
[WhiteElo "1800"]
[BlackElo "2176"]
[PlyCount "22"]
[EventDate "2010.??.??"]
[EventType "swiss (corr)"]
[EventRounds "1"]
[SourceTitle "Corr 2013"]
[Source "ChessBase"]
[SourceDate "2012.11.12"]
[SourceVersion "1"]
[SourceVersionDate "2012.11.12"]
[SourceQuality "1"]

1. f4 d5 2. Nf3 c5 3. c4 d4 4. b4 cxb4 5. a3 e6 6. Bb2 Nc6 7. axb4 Bxb4 8. e3 e5 9. Nxe5 Nge7 10. exd4 0-0 11. d5 Nxe5 0-1

[Event "FICGS theme 0001 email"]
[Site "FICGS email"]
[Date "2010.09.18"]
[Round "1"]
[White "Leclerc, Luc Olivier"]
[Black "Solino Nebot, Leonardo"]
[Result "0-1"]
[WhiteElo "1800"]
[BlackElo "1723"]
[PlyCount "20"]
[EventDate "2010.??.??"]
[EventType "swiss (corr)"]
[EventRounds "1"]
[SourceTitle "Corr 2013"]
[Source "ChessBase"]
[SourceDate "2012.11.12"]
[SourceVersion "1"]
[SourceVersionDate "2012.11.12"]
[SourceQuality "1"]

1. f4 d5 2. Nf3 c5 3. c4 d4 4. b4 cxb4 5. a3 bxa3 6. Nxa3 Nc6 7. Bb2 f6 8. Qa4 Bd7 9. Nb5 a6 10. Qa3 e5 0-1

[Event "FICGS class C 000133 email"]
[Site "FICGS email"]
[Date "2010.01.10"]
[Round "1"]
[White "Payzansky, Aleksey"]
[Black "Leclerc, Luc Olivier"]
[Result "1-0"]
[WhiteElo "1799"]
[BlackElo "1800"]
[PlyCount "35"]
[EventDate "2010.??.??"]
[EventType "tourn (corr)"]
[EventRounds "1"]
[SourceTitle "Corr 2013"]
[Source "ChessBase"]
[SourceDate "2012.11.12"]
[SourceVersion "1"]
[SourceVersionDate "2012.11.12"]
[SourceQuality "1"]

1. e4 c6 2. d4 d5 3. Nc3 dxe4 4. Nxe4 Bf5 5. Ng3 Bg6 6. h4 h6 7. h5 Bh7 8. Nf3 Nd7 9. Bd3 Bxd3 10. Qxd3 e6 11. Bf4 Qa5+ 12. Bd2 Bb4 13. a3 Bxd2+ 14. Nxd2 Ngf6 15. 0-0-0 0-0-0 16. Nde4 Nxe4 17. Nxe4 Nf6 18. Nxf6 1-0

[Event "FICGS rapid B 000137 email"]
[Site "FICGS email"]
[Date "2010.01.08"]
[Round "1"]
[White "Payzansky, Aleksey"]
[Black "Leclerc, Luc Olivier"]
[Result "1-0"]
[WhiteElo "1799"]
[BlackElo "1800"]
[PlyCount "41"]
[EventDate "2010.??.??"]
[EventType "tourn (rapid)"]
[EventRounds "6"]
[SourceTitle "Corr 2013"]
[Source "ChessBase"]
[SourceDate "2012.11.12"]
[SourceVersion "1"]
[SourceVersionDate "2012.11.12"]
[SourceQuality "1"]

1. e4 c6 2. d4 d5 3. Nc3 dxe4 4. Nxe4 Bf5 5. Ng3 Bg6 6. h4 h6 7. Nf3 Nd7 8. h5 Bh7 9. Bd3 Bxd3 10. Qxd3 e6 11. Bf4 Qa5+ 12. Bd2 Bb4 13. c3 Be7 14. 0-0 Ngf6 15. c4 Qc7 16. Rfe1 0-0 17. Bc3 Rad8 18. Qc2 Bd6 19. Ne4 Nxh5 20. Nxd6 Qxd6 21. Re4 1-0

[Event "FICGS rapid B 000135 email"]
[Site "FICGS email"]
[Date "2010.01.01"]
[Round "1"]
[White "Leclerc, Luc Olivier"]
[Black "Ignatyev, Vladimir"]
[Result "1-0"]
[WhiteElo "1800"]
[BlackElo "1501"]
[PlyCount "23"]
[EventDate "2010.??.??"]
[EventType "tourn (rapid)"]
[EventRounds "6"]
[SourceTitle "Corr 2013"]
[Source "ChessBase"]
[SourceDate "2012.11.12"]
[SourceVersion "1"]
[SourceVersionDate "2012.11.12"]
[SourceQuality "1"]

1. f4 d5 2. Nf3 f6 3. e3 c5 4. Bb5+ Bd7 5. Bxd7+ Nxd7 6. d4 e6 7. 0-0 c4 8. Qe2 b5 9. e4 Kf7 10. f5 exf5 11. exf5 Bd6 12. Qe6+ 1-0

[Event "FICGS class C 000132 email"]
[Site "FICGS email"]
[Date "2009.12.30"]
[Round "1"]
[White "Ignatyev, Vladimir"]
[Black "Leclerc, Luc Olivier"]
[Result "0-1"]
[WhiteElo "1800"]
[BlackElo "1800"]
[PlyCount "42"]
[EventDate "2009.??.??"]
[EventType "tourn (corr)"]
[EventRounds "4"]
[SourceTitle "Corr 2022"]
[Source "ChessBase"]
[SourceDate "2021.10.24"]
[SourceVersion "1"]
[SourceVersionDate "2021.10.24"]
[SourceQuality "1"]

1. e4 c6 2. d4 d5 3. e5 c5 4. dxc5 e6 5. Be3 Nh6 6. Bxh6 gxh6 7. b4 a5 8. c3 axb4 9. cxb4 b6 10. Bb5+ Bd7 11. Bxd7+ Nxd7 12. f4 bxc5 13. bxc5 Bxc5 14. Nd2 Qa5 15. Ngf3 0-0 16. Qc2 Rfc8 17. Qd3 Qb4 18. Ke2 Ra3 19. Rhb1 Rxd3 20. Rxb4 Re3+ 21. Kd1 Bxb4 0-1

[Event "FICGS class C 000132 email"]
[Site "FICGS email"]
[Date "2009.12.30"]
[Round "1"]
[White "Leclerc, Luc Olivier"]
[Black "Denchev, Stanimir"]
[Result "0-1"]
[WhiteElo "1800"]
[BlackElo "1660"]
[PlyCount "34"]
[EventDate "2009.??.??"]
[EventType "tourn (corr)"]
[EventRounds "4"]
[SourceTitle "Corr 2022"]
[Source "ChessBase"]
[SourceDate "2021.10.24"]
[SourceVersion "1"]
[SourceVersionDate "2021.10.24"]
[SourceQuality "1"]

1. f4 f5 2. Nf3 e6 3. e3 b6 4. Ne5 Nf6 5. Qf3 d5 6. Bb5+ Bd7 7. Nxd7 Nbxd7 8. 0-0 Bd6 9. Bc6 Rc8 10. Nc3 0-0 11. Nb5 a6 12. Nd4 Qe7 13. Bb7 Rb8 14. Bxa6 Ra8 15. Bb7 Ra7 16. Nc6 Qe8 17. Nxa7 Nb8 0-1

[Event "FICGS class C 000095 email"]
[Site "FICGS email"]
[Date "2009.12.28"]
[Round "1"]
[White "Dikant, Christophe"]
[Black "Leclerc, Luc Olivier"]
[Result "1-0"]
[WhiteElo "2000"]
[BlackElo "1800"]
[PlyCount "51"]
[EventDate "2009.??.??"]
[EventType "tourn (corr)"]
[EventRounds "1"]
[SourceTitle "Corr 2022"]
[Source "ChessBase"]
[SourceDate "2021.10.24"]
[SourceVersion "1"]
[SourceVersionDate "2021.10.24"]
[SourceQuality "1"]

1. c4 e5 2. Nc3 Nc6 3. g3 Nf6 4. Bg2 Bb4 5. e4 0-0 6. Nge2 d6 7. d3 Be6 8. a3 Bc5 9. b4 Bb6 10. Na4 Qd7 11. Nxb6 axb6 12. Bb2 Bh3 13. 0-0 Bxg2 14. Kxg2 Rfe8 15. h3 Re6 16. f4 h6 17. g4 Ree8 18. Ng3 exf4 19. Rxf4 Ne5 20. Nf5 Nh7 21. Qc2 Ng5 22. Raf1 b5 23. Kg3 Ne6 24. R4f2 bxc4 25. dxc4 f6 26. Qb3 1-0

[Event "FICGS class C 000095 email"]
[Site "FICGS email"]
[Date "2009.12.28"]
[Round "1"]
[White "Tanda, Giovanni"]
[Black "Leclerc, Luc Olivier"]
[Result "1-0"]
[WhiteElo "1944"]
[BlackElo "1800"]
[PlyCount "35"]
[EventDate "2009.??.??"]
[EventType "tourn (corr)"]
[EventRounds "1"]
[SourceTitle "Corr 2022"]
[Source "ChessBase"]
[SourceDate "2021.10.24"]
[SourceVersion "1"]
[SourceVersionDate "2021.10.24"]
[SourceQuality "1"]

1. d4 f5 2. e4 fxe4 3. Nc3 Nf6 4. Bg5 Nc6 5. d5 Ne5 6. Qd4 d6 7. Nxe4 h6 8. Bxf6 exf6 9. f4 Nf7 10. Bb5+ Bd7 11. Bxd7+ Qxd7 12. Nf3 Be7 13. 0-0 0-0 14. Ng3 c6 15. Nh4 Bd8 16. Kh1 Bb6 17. Qd3 Rfe8 18. Nhf5 1-0